000 02186cam a2200385 a 4500
001 15387138
005 20170105102913.0
008 080729s2008 enk b 101 0 eng d
010 _a 2008276058
020 _a9780863723247
020 _a0863723241
035 _a(OCoLC)ocn233705005
040 _aOSU
_cOSU
_dVVC
_dYDXCP
_dBAKER
_dBWK
_dBWX
_dDLC
042 _alccopycat
043 _aa-ir---
050 0 0 _aDS318.83
_b.I736 2008
245 0 0 _aIran's foreign policy :
_bfrom Khatami to Ahmadinejad /
_cedited by Anoushiravan Ehteshami and Mahjoob Zweiri.
250 _a1st ed.
260 _aReading, Berkshire, U.K. :
_bIthaca Press,
_c2008.
300 _axviii, 149 p. ;
_c25 cm.
500 _aBased on papers from a conference held at Durham University in March 2005.
504 _aIncludes bibliographical references (p. 141-144) and index.
505 0 _aIran's foreign policy : independence, freedom and the Islamic Republic / R.K. Ramazani -- Foreign policy theories : implications for the foreign policy analysis of Iran / Ali Akbar Rezaei -- The United States and Iran in Iraq : risks and opportunities / Judith S. Yaphe -- Iranian-European relations : a strategic partnership? / Shahriar Sabet-Saeidi -- Iran : caught between European Union-United States rivalry? / Anastasia Th. Drenou -- Iran-United Kingdom relations since the revolution : opening doors / Christopher Rundle -- Diplomatic relations between Iran and the United Kingdom in the early reform period, 1997-2000 -- Arab-Iranian relations : new realities? / Mahjoob Zweiri -- Iran and its immediate neighbourhood / Anoushiravan Ehteshami.
600 1 0 _aKhātamī, Muḥammad.
600 1 0 _aAhmadinejad, Mahmoud.
651 0 _aIran
_xForeign relations
_y1979-1997
_vCongresses.
651 0 _aIran
_xForeign relations
_y1997-
_vCongresses.
651 0 _aIran
_xPolitics and government
_y1979-1997
_vCongresses.
651 0 _aIran
_xPolitics and government
_y1997-
_vCongresses.
700 1 _aEhteshami, Anoushiravan.
700 1 _aZweiri, Mahjoob.
906 _a7
_bcbc
_ccopycat
_d1
_encip
_f20
_gy-gencatlg
942 _2ddc
_cBK
999 _c15203
_d15203